[Event "Johannesburg Africa op (Women)"]
[Site "Johannesburg"]
[Date "2015.08.10"]
[Round "6"]
[White "Ngidi, Khensani"]
[Black "Van der Walt, Marelize"]
[Result "1-0"]
[WhiteElo "1036"]
[BlackElo "1088"]
[PlyCount "75"]
[EventDate "2015.08.07"]
[EventType "swiss"]
[EventRounds "7"]
[EventCountry "RSA"]
[SourceTitle "EXT 2016"]
[Source "ChessBase"]
[SourceDate "2015.10.08"]
[SourceVersion "1"]
[SourceVersionDate "2015.10.08"]
[SourceQuality "1"]

1. e4 e5 2. Nf3 Nc6 3. Bb5 a6 4. Ba4 Nf6 5. Nc3 Bc5 6. Bxc6 dxc6 7. Nxe5 Qd4 8. Nd3 0-0 9. Nxc5 Qxc5 10. d4 Qe7 11. Bg5 h6 12. Bxf6 Qxf6 13. Qd2 Rd8 14. e5 Qg6 15. 0-0-0 b5 16. f4 Be6 17. Rhg1 b4 18. Na4 Bg4 19. Rdf1 a5 20. h3 Bd7 21. g4 Qe6 22. b3 Qd5 23. Nc5 Kh8 24. f5 Re8 25. f6 Kh7 26. Qd3+ g6 27. h4 Rg8 28. h5 Ra7 29. Nxd7 Qxd7 30. hxg6+ Rxg6 31. g5 a4 32. gxh6 Ra8 33. Rxg6 fxg6 34. f7 Rf8 35. Rf6 Rxf7 36. Qxg6+ Kh8 37. Rxf7 Qxd4 38. Qg7# 1-0